5 by 5 Cartoon Characters III Quiz Stats

 Plays Quiz Updated Jul 15, 2016

Challenge
Share
Tweet
Score 0/25 Timer 05:00
3 Plays Today
% Correct
Kenny McCormick
92.1%
Arthur Read
89.9%
Eric Cartman
88.4%
Leonardo
87.6%
Donatello
87%
Arnold
84.4%
Raphael
84.4%
Michelangelo
82%
Bender Bending Rodríguez
79.1%
Stan Marsh
78.4%
Kyle Broflovski
74.2%
Philip J. Fry
72.1%
Butters Stotch
67.4%
% Correct
Turanga Leela
62.4%
Splinter
58.9%
Doctor Zoidberg
54.1%
Helga Pataki
44.7%
D.W. Read
41.9%
Hubert J. Farnsworth
39.2%
Buster Baxter
38.1%
Francine Frensky
32.9%
Gerald Johanssen
24.6%
The Brain
23.3%
Stinky Peterson
15.7%
Eugene Horowitz
15.5%

You're not logged in!

Compare scores with friends on all Sporcle quizzes.
Join for Free
OR
Log In

You Might Also Like...

Show Comments

Extras

Top Quizzes Today


Score Distribution

Your Account Isn't Verified!

In order to create a playlist on Sporcle, you need to verify the email address you used during registration. Go to your Sporcle Settings to finish the process.

Report this User

Report this user for behavior that violates our Community Guidelines.

Details: